The ambassador John L. Loeb Jr. Danish art collection / (Record no. 26279)
[ view plain ]
| 000 -LEADER | |
|---|---|
| fixed length control field | 01532cam a22003254a 4500 |
| 001 - CONTROL NUMBER | |
| control field | 13753245 |
| 005 - DATE AND TIME OF LATEST TRANSACTION | |
| control field | 20170203154225.0 |
| 008 - FIXED-LENGTH DATA ELEMENTS--GENERAL INFORMATION | |
| fixed length control field | 041018s2005 nyua bc 000 0deng |
| 010 ## - LIBRARY OF CONGRESS CONTROL NUMBER | |
| LC control number | 2004115282 |
| 020 ## - INTERNATIONAL STANDARD BOOK NUMBER | |
| International Standard Book Number | 0976204304 (alk. paper) |
| 050 00 - LIBRARY OF CONGRESS CALL NUMBER | |
| Classification number | ND717 .A43 2005 |
| 245 04 - TITLE STATEMENT | |
| Title | The ambassador John L. Loeb Jr. Danish art collection / |
| Statement of responsibility, etc. | foreword by John L. Loeb Jr. ; introduction by Suzanne Ludvigsen ; contributors, Elisabeth Fabritius ... [et al.]. |
| 250 ## - EDITION STATEMENT | |
| Edition statement | 1st ed. |
| 260 ## - PUBLICATION, DISTRIBUTION, ETC. (IMPRINT) | |
| Place of publication, distribution, etc. | New York : |
| Name of publisher, distributor, etc. | J.L. Loeb, |
| Date of publication, distribution, etc. | 2005. |
| 300 ## - PHYSICAL DESCRIPTION | |
| Extent | xxxi, 426 p. : |
| Other physical details | col. ill. ; |
| Dimensions | 31 cm. |
| 504 ## - BIBLIOGRAPHY, ETC. NOTE | |
| Bibliography, etc | Includes bibliographical references (p. 424-425). |
| 600 10 - SUBJECT ADDED ENTRY--PERSONAL NAME | |
| Personal name | Loeb, John L., |
| Titles and other words associated with a name | Jr. |
| Fuller form of name | (John Langeloth), |
| Dates associated with a name | 1930- |
| General subdivision | Art collections |
| Form subdivision | Catalogs. |
| 650 #0 - SUBJECT ADDED ENTRY--TOPICAL TERM | |
| Topical term or geographic name as entry element | Painting, Danish |
| Chronological subdivision | 19th century |
| Form subdivision | Catalogs. |
| 650 #0 - SUBJECT ADDED ENTRY--TOPICAL TERM | |
| Topical term or geographic name as entry element | Painting, Danish |
| Chronological subdivision | 20th century |
| Form subdivision | Catalogs. |
| 650 #0 - SUBJECT ADDED ENTRY--TOPICAL TERM | |
| Topical term or geographic name as entry element | Painting |
| General subdivision | Private collections |
| Geographic subdivision | United States |
| Form subdivision | Catalogs. |
| 700 1# - ADDED ENTRY--PERSONAL NAME | |
| Personal name | Fabritius, Elisabeth. |
| 942 ## - ADDED ENTRY ELEMENTS (KOHA) | |
| Source of classification or shelving scheme | |
| Koha item type | Hard Covered Materials |
| Withdrawn status | Lost status | Source of classification or shelving scheme | Damaged status | Not for loan | Home library | Current library | Shelving location | Date acquired | Source of acquisition | Total Checkouts | Full call number | Barcode | Date last seen | Price effective from | Koha item type |
|---|---|---|---|---|---|---|---|---|---|---|---|---|---|---|---|
| MACHAKOS UNIVERSITY LIBRARY | MACHAKOS UNIVERSITY LIBRARY | Technical section | 03/02/2017 | Donation(BFA) | ND717 .A43 2005 | 34024 | 11/07/2018 | 03/02/2017 | Hard Covered Materials |